LEADER 01077nam a2200241 i 4500 001 000000139866 003 CaOOAMICUS 005 20191202085610.0 008 061114s1936 it u000 u ita u 013 $a113999 040 $aSeMil$bita 100 1 $aGrou, Jean Nicolas,$c.$0(OLS)http://semarc/name/6820 245 10$aPer la vita intima dell'anima :$btrattato di perfezione cristiana /$cG. Grou ; Nuova versione italiana per cura di D.M. Albera. 260 $aTorino :$bSocietà Editrice Internazionale,$c1936. 300 $a316 p. ;$c20 cm. 650 4$aVita spirituale - Meditazioni.$0(OLS)http://semarc/subject/4798 700 1 $aAlbera, Massimo.$0(OLS)http://semarc/name/56415 850 $aSeMil 852 $aSeMil$W1$xVenegono$y1$m2C I 498$j93256$B93256$CSeMilBibl$Z2$F117402 $81 961 $aRecupero: Altro 996 $6245$aPer la vita intima dell'anima :$btrattato di perfezione cristiana$9(OLS)http://semarc/title/204321 996 $6260$aTorino :$bSocietà Editrice Internazionale$9(OLS)http://semarc/publisher/29847 LEADER 00849nam a2200205 i 4500 001 000000103010 003 CaOOAMICUS 005 20070322000000.0 008 010912s1967 it u000 u ita u 013 $a75173 040 $aSeMil$bita 245 10$aConrad-Martius-Gaunilone. 260 $aFirenze :$bSansoni,$ccopyr. 1967. 300 $aXIII, 1600 col., 32 c. di tav. :$bill. ;$c29 cm. 773 0 $aFondazione Centro Studi Filosofici di Gallarate $tEnciclopedia filosofica.$b2. ed. interamente rielaborata.$dFirenze : Sansoni, copyr. 1967.$g2$w()6607 850 $aSeMil 852 $aSeMil$W1$xVenegono$y1$m2P VI 9$j59471$B59471$CSeMilBibl$Z2$F43962 $8I 961 $aRecupero: Altro 996 $6245$aConrad-Martius-Gaunilone$9(OLS)http://semarc/title/149741 996 $6260$aFirenze :$bSansoni$9(OLS)http://semarc/publisher/29843